00891nam a2200277Ia 450000500170000000800390001702000190005610000270007524500290010225000190013130000500015049000310020065000420023165000410027365000360031465000420035070000270039294200150041926400300043433600270046433700330049133800280052404000350055208400110058799900150059820220317001047.0160825s2008 sp a g 000 0 spa a798842611870121 aOxenbury, Helend1938-10aAyudandocHelen Oxenbury a6a. edición  a16 páginas bilustraciones en colorc18 cm  aLos libros del chiquitín142LEMBaÁlbumes infantiles ySiglo XX142LEMBaLiteratura infantil ySiglo XX142LEMBaNiños en la literatura 142LEMBaLibros ilustrados para niños 1 aOxenbury, Helen965039 2loccBKINF aBarcelonabJuventudc2008 atextobtxt2rdacontent asin mediaciónbn2rdamedia avolumenbnc2rdacarrier aCO-BoRNBPbspaerdacCO-BoRNBP aA OXE1 c5820d5820